[Event "CYCC U14 "]
[Site "Hamilton CAN"]
[Date "2022.07.09"]
[Round "4.12"]
[White "Suresh, Pavan"]
[Black "Yang, Lefan"]
[Result "0-1"]
[WhiteElo "1413"]
[BlackElo "1738"]
[PlyCount "100"]
[EventDate "2022.07.08"]
[EventType "swiss"]
[EventRounds "7"]
[EventCountry "CAN"]

1. e4 c5 2. Nf3 Nc6 3. d4 cxd4 4. Nxd4 Nf6 5. Nc3 e5 6. Nxc6 bxc6 7. Bd3 d5 8.
exd5 cxd5 9. h3 Bc5 10. O-O O-O 11. Bg5 Bb7 12. Na4 Be7 13. c3 h6 14. Bxf6 Bxf6
15. Nc5 Bc6 16. Bc2 Bb5 17. Bd3 Qb6 18. Qb3 Qxc5 19. Qxb5 Qd6 20. Qa6 Qc7 21.
Rfd1 Rfd8 22. Rac1 e4 23. Be2 Bh4 24. Rf1 Qe5 25. Qa5 Qf4 26. c4 Bxf2+ 27. Kh1
d4 28. Rc2 Qg3 29. Bd1 e3 30. Bf3 Rac8 31. Qxa7 d3 32. Rcxf2 exf2 33. Qxf2 Qxf2
34. Rxf2 Rxc4 35. Rd2 Rc2 36. Rd1 Rxb2 37. Be4 d2 38. a4 Ra2 39. Bc6 Rc2 40.
Bb5 Rc1 41. Be2 Re8 42. Bf3 Re1+ 43. Kh2 Rcxd1 44. Bxd1 Rxd1 45. a5 Ra1 46. h4
d1=Q 47. a6 Qd6+ 48. g3 Ra2+ 49. Kh3 Qe6+ 50. g4 Qe3# 0-1

[Event "CYCC U14 "]
[Site "Hamilton CAN"]
[Date "2022.07.09"]
[Round "4.13"]
[White "Yang, Larry"]
[Black "Guliyev, Nadir"]
[Result "0-1"]
[WhiteElo "1807"]
[BlackElo "1279"]
[PlyCount "96"]
[EventDate "2022.07.08"]
[EventType "swiss"]
[EventRounds "7"]
[EventCountry "CAN"]

1. e4 c6 2. d4 d5 3. e5 Bf5 4. Nf3 e6 5. c4 Nd7 6. Nc3 Ne7 7. cxd5 cxd5 8. Bd3
Bxd3 9. Qxd3 Nc6 10. O-O Be7 11. Be3 O-O 12. Nd2 a6 13. f4 g6 14. g4 Kh8 15. f5
Ndxe5 16. dxe5 d4 17. Bxd4 Qxd4+ 18. Qxd4 Nxd4 19. f6 Bc5 20. Nde4 Ba7 21. Kh1
Nc6 22. Nd6 Nxe5 23. Nce4 Nxg4 24. Rac1 Bb6 25. Nxb7 Ne3 26. Rfe1 Nf5 27. Rc6
Bd4 28. Rd1 e5 29. b3 h6 30. Rdc1 Kh7 31. Rc7 Bb6 32. Rd7 g5 33. Rc6 Bd4 34.
Ned6 Kg6 35. Kg2 Nxd6 36. Rdxd6 Rac8 37. Kf3 Kf5 38. h3 e4+ 39. Ke2 Be5 40.
Rxc8 Rxc8 41. Rxa6 Rc2+ 42. Kd1 Rh2 43. a4 e3 44. Nd6+ Kf4 45. Rc6 Kf3 46. a5
e2+ 47. Kd2 Bf4+ 48. Kc2 e1=Q+ 0-1

[Event "CYCC U14 "]
[Site "Hamilton CAN"]
[Date "2022.07.09"]
[Round "4.16"]
[White "Hossain, Azher"]
[Black "Jiao, Dian Bing"]
[Result "1-0"]
[WhiteElo "1424"]
[BlackElo "1188"]
[PlyCount "61"]
[EventDate "2022.07.08"]
[EventType "swiss"]
[EventRounds "7"]
[EventCountry "CAN"]

1. d4 Nf6 2. c4 g6 3. Nf3 Bg7 4. g3 O-O 5. Bg2 d6 6. O-O Nc6 7. Nc3 e5 8. d5
Ne7 9. e4 Nd7 10. Be3 f5 11. Qd2 Nc5 12. exf5 gxf5 13. b4 Nd7 14. Rac1 Ng6 15.
Bh6 f4 16. Bxg7 Kxg7 17. Ne4 Nf6 18. Nfg5 h6 19. Ne6+ Bxe6 20. dxe6 Nh7 21. Qd5
Ng5 22. Nxg5 hxg5 23. c5 g4 24. cxd6 cxd6 25. Qxb7+ Kh8 26. Rc7 Qf6 27. e7 Rfb8
28. e8=Q+ Rxe8 29. Rh7+ Kg8 30. Bd5+ Kf8 31. Rf7+ 1-0

[Event "CYCC U14 "]
[Site "Hamilton CAN"]
[Date "2022.07.09"]
[Round "4.17"]
[White "Pollitt, Henry"]
[Black "Chen, Sam"]
[Result "1-0"]
[WhiteElo "1114"]
[BlackElo "1299"]
[PlyCount "53"]
[EventDate "2022.07.08"]
[EventType "swiss"]
[EventRounds "7"]
[EventCountry "CAN"]

1. d4 d5 2. c4 c6 3. cxd5 cxd5 4. Nc3 Nf6 5. Bf4 Bf5 6. e3 e6 7. Nf3 Bb4 8.
Qa4+ Nc6 9. Bb5 Qb6 10. Bxc6+ bxc6 11. O-O O-O 12. Ne5 Rac8 13. Rac1 c5 14. Ne2
Bd2 15. Rcd1 Qxb2 16. Qxa7 Ra8 17. Qxc5 Rxa2 18. Ng3 Ne4 19. Nxe4 Bxe4 20. Nd7
Re8 21. Qc6 Bd3 22. Nf6+ gxf6 23. Qxe8+ Kg7 24. h4 Be2 25. Rb1 Ra1 26. Rxb2
Rxf1+ 27. Kh2 1-0

[Event "CYCC U14 "]
[Site "Hamilton CAN"]
[Date "2022.07.09"]
[Round "4.18"]
[White "Johnson, William"]
[Black "Berube, Maximilien"]
[Result "0-1"]
[WhiteElo "1082"]
[BlackElo "1271"]
[PlyCount "60"]
[EventDate "2022.07.08"]
[EventType "swiss"]
[EventRounds "7"]
[EventCountry "CAN"]

1. e4 c6 2. d4 d5 3. exd5 cxd5 4. Nf3 Nc6 5. Nc3 Bg4 6. h3 Bh5 7. Bb5 Nf6 8. g4
Bg6 9. Ne5 Rc8 10. Bf4 Qb6 11. a4 a6 12. g5 axb5 13. gxf6 Nxe5 14. Nxd5 Qc6 15.
dxe5 e6 16. fxg7 Bxg7 17. axb5 Qxd5 18. Rg1 Qxb5 19. Rb1 Qb4+ 20. c3 Qxf4 21.
Qd6 Qxe5+ 22. Qxe5 Bxe5 23. Rd1 O-O 24. h4 h5 25. Kf1 Rfd8 26. Rxd8+ Rxd8 27.
Kg2 Rd2 28. Rf1 Rxb2 29. c4 Rc2 30. Re1 Bf6 0-1

[Event "CYCC U14 "]
[Site "Hamilton CAN"]
[Date "2022.07.09"]
[Round "4.19"]
[White "Levanon, Peled"]
[Black "Khaimovich, Lev"]
[Result "0-1"]
[WhiteElo "1028"]
[BlackElo "1259"]
[PlyCount "79"]
[EventDate "2022.07.08"]
[EventType "swiss"]
[EventRounds "7"]
[EventCountry "CAN"]

1. d4 Nf6 2. c4 e6 3. g3 d5 4. Bg2 c5 5. e3 Nc6 6. Nf3 Be7 7. Nc3 b6 8. O-O O-O
9. b3 Ba6 10. Ne5 Nxe5 11. dxe5 Nd7 12. f4 Rc8 13. Nb5 Bxb5 14. cxb5 d4 15. e4
f6 16. exf6 Nxf6 17. g4 Qd7 18. h3 d3 19. g5 Qd4+ 20. Kh1 Qxa1 21. gxf6 Qxf6
22. Qxd3 Qd4 23. Qe2 Rcd8 24. Qg4 Rf6 25. Bf3 Rg6 26. Qh5 Rh6 27. Qg4 Qf6 28.
Rf2 Qh4 29. Rg2 Qxh3+ 30. Kg1 Qxg4 31. Rxg4 Rg6 32. Rxg6 hxg6 33. Bg4 Kf8 34.
Bxe6 Rd1+ 35. Kf2 Rxc1 36. Ke3 g5 37. f5 Bf6 38. Kf3 Rf1+ 39. Kg2 Rf4 40. Bd5
0-1

[Event "CYCC U14 "]
[Site "Hamilton CAN"]
[Date "2022.07.09"]
[Round "4.20"]
[White "Leveille, Zachary"]
[Black "Georges, Maxim"]
[Result "0-1"]
[WhiteElo "691"]
[BlackElo "1226"]
[PlyCount "98"]
[EventDate "2022.07.08"]
[EventType "swiss"]
[EventRounds "7"]
[EventCountry "CAN"]

1. e4 e5 2. Nf3 Nc6 3. d4 exd4 4. Nxd4 Bc5 5. Be3 Qf6 6. Nxc6 Bxe3 7. fxe3 bxc6
8. Qd4 c5 9. Qxf6 Nxf6 10. Nc3 Bb7 11. e5 Ng4 12. Kd2 Nxe5 13. Rg1 O-O-O 14.
Be2 d5 15. Rad1 Rhe8 16. Kc1 Nc6 17. Bg4+ Kb8 18. Rxd5 Rxd5 19. Nxd5 Ne5 20. c4
Nxg4 21. h3 Ne5 22. b3 Bxd5 23. cxd5 Nd3+ 24. Kd2 Nb4 25. Rf1 f6 26. a3 Nxd5
27. Rc1 Nxe3 28. Rxc5 Nxg2 29. Rc3 Rd8+ 30. Kc2 Ne1+ 31. Kc1 Rd3 32. Rc4 Rxb3
33. Rg4 g6 34. Re4 Rxa3 35. Kb2 Rxh3 36. Rxe1 f5 37. Kc2 f4 38. Kd2 g5 39. Rb1+
Kc8 40. Ke2 g4 41. Rg1 f3+ 42. Kf2 Rh2+ 43. Kf1 Rg2 44. Rh1 g3 45. Rh3 a5 46.
Rh4 Rb2 47. Ke1 g2 48. Rg4 f2+ 49. Kd1 f1=Q# 0-1

[Event "CYCC U14 "]
[Site "Hamilton CAN"]
[Date "2022.07.09"]
[Round "4.21"]
[White "Holmgren, Emilian"]
[Black "Kheni, Kush"]
[Result "1-0"]
[WhiteElo "1226"]
[BlackElo "907"]
[PlyCount "53"]
[EventDate "2022.07.08"]
[EventType "swiss"]
[EventRounds "7"]
[EventCountry "CAN"]

1. e4 e5 2. Nf3 Nc6 3. Bb5 Nf6 4. c3 a6 5. Ba4 d6 6. d4 Bd7 7. O-O Nxe4 8. Re1
Nf6 9. dxe5 dxe5 10. Nxe5 Nxe5 11. Rxe5+ Be7 12. Bg5 O-O 13. Bxd7 Qxd7 14. Qxd7
Nxd7 15. Rxe7 Rfe8 16. Nd2 f6 17. Rxd7 fxg5 18. Rd1 Rac8 19. Kf1 h6 20. Nb3 b6
21. Nd4 Rcd8 22. Nf5 Rc8 23. Rxg7+ Kf8 24. Rdd7 Red8 25. Rgf7+ Kg8 26. Nxh6+
Kh8 27. Rh7# 1-0

[Event "CYCC U14 "]
[Site "Hamilton CAN"]
[Date "2022.07.09"]
[Round "4.22"]
[White "Buczynski, Christian"]
[Black "Hong, Zihan"]
[Result "1-0"]
[WhiteElo "1199"]
[BlackElo "841"]
[PlyCount "139"]
[EventDate "2022.07.08"]
[EventType "swiss"]
[EventRounds "7"]
[EventCountry "CAN"]

1. d4 d5 2. c4 c5 3. dxc5 e6 4. cxd5 exd5 5. Nc3 Nf6 6. Bg5 Bxc5 7. e3 Bb4 8.
Bb5+ Bd7 9. Bxd7+ Nbxd7 10. Nge2 O-O 11. O-O Re8 12. Nxd5 Qa5 13. Nxf6+ Nxf6
14. Bxf6 gxf6 15. a3 Be7 16. Qd4 Qh5 17. Ng3 Qe5 18. Qg4+ Kh8 19. Qd4 Red8 20.
Qxe5 fxe5 21. Nf5 Bf6 22. Rad1 e4 23. b4 Rd3 24. a4 Be5 25. Nh6 Kg7 26. Ng4 Bc7
27. h3 a5 28. b5 Rad8 29. Rc1 Bb8 30. g3 f5 31. Nh2 h5 32. h4 Rg8 33. Rfd1 Kh6
34. Kf1 Rgd8 35. Ke2 Bd6 36. Nf1 Bb4 37. Rb1 Kg6 38. Rxd3 exd3+ 39. Kd1 Bc3 40.
Rc1 Bb4 41. Nd2 Kf6 42. Rc4 Ke5 43. Nb3 Rd5 44. Nc1 d2 45. Na2 Ba3 46. Rc2 Bb4
47. Nxb4 axb4 48. Rxd2 Rxd2+ 49. Kxd2 Ke4 50. Kc2 Kf3 51. a5 Kxf2 52. a6 bxa6
53. bxa6 Kxg3 54. a7 Kxh4 55. a8=Q Kg3 56. Qb8+ Kf3 57. Qf4+ Ke2 58. Qxf5 Kxe3
59. Qxh5 Kd4 60. Kb3 Kd3 61. Qh4 Ke3 62. Qxb4 Kf3 63. Kc2 Kg3 64. Kd2 Kg2 65.
Qe4+ Kf1 66. Qf4+ Kg1 67. Ke3 Kh1 68. Kf3 Kg1 69. Qg3+ Kh1 70. Qg2# 1-0

[Event "CYCC U14 "]
[Site "Hamilton CAN"]
[Date "2022.07.09"]
[Round "4.23"]
[White "Harihara, Vikrant"]
[Black "Huang, Winston"]
[Result "0-1"]
[WhiteElo "1242"]
[BlackElo "1131"]
[PlyCount "104"]
[EventDate "2022.07.08"]
[EventType "swiss"]
[EventRounds "7"]
[EventCountry "CAN"]

1. e4 e5 2. Nf3 Nc6 3. Bc4 Bc5 4. b4 Bxb4 5. c3 Ba5 6. O-O Nf6 7. Qc2 O-O 8. d4
exd4 9. cxd4 d5 10. e5 dxc4 11. exf6 Qxf6 12. Bb2 Qg6 13. Qxc4 Bh3 14. Nh4 Qg4
15. Qd3 Qxh4 16. Qxh3 Qxh3 17. gxh3 Rad8 18. Rd1 Rfe8 19. Kf1 Bb6 20. Na3 Nxd4
21. Rac1 Nf5 22. Nb5 Rxd1+ 23. Rxd1 a6 24. Na3 Nd6 25. Rd5 h6 26. Bd4 Bxd4 27.
Rxd4 Re4 28. Rxe4 Nxe4 29. Nc4 Kf8 30. a3 b5 31. Ne5 Ke7 32. Ke2 Ke6 33. Nd3
Nc3+ 34. Ke3 Nb1 35. Nc5+ Kd6 36. Nxa6 Nxa3 37. Kd4 Nc2+ 38. Kd3 Ne1+ 39. Ke2
Ng2 40. Kf3 Nh4+ 41. Ke4 c5 42. f4 f5+ 43. Ke3 b4 44. Kd3 Ng6 45. Kc4 Nxf4 46.
Nxc5 Nxh3 47. Kxb4 Kd5 48. Nd3 Kd4 49. Ne1 f4 50. Kb3 g5 51. Kc2 Ke3 52. Kd1
Nf2+ 0-1

[Event "CYCC U14 "]
[Site "Hamilton CAN"]
[Date "2022.07.09"]
[Round "4.24"]
[White "Broekema, Lincoln"]
[Black "Grosman, Ari"]
[Result "1-0"]
[WhiteElo "1151"]
[BlackElo "992"]
[PlyCount "141"]
[EventDate "2022.07.08"]
[EventType "swiss"]
[EventRounds "7"]
[EventCountry "CAN"]

1. d4 e6 2. c4 Nf6 3. g3 d5 4. Nf3 dxc4 5. Bg2 c6 6. Ne5 Nbd7 7. Nxc4 Be7 8.
O-O O-O 9. Nc3 c5 10. d5 exd5 11. Nxd5 Nxd5 12. Bxd5 Nf6 13. Bg2 Be6 14. Qc2
Nd5 15. a3 Rc8 16. Rd1 b5 17. Ne3 Nxe3 18. Bxe3 Qc7 19. Rac1 c4 20. Qe4 Bc5 21.
Bxc5 Qxc5 22. Qd4 Qxd4 23. Rxd4 Rfd8 24. Rcd1 Rxd4 25. Rxd4 Kf8 26. Bd5 Rd8 27.
e4 f5 28. f3 Bxd5 29. exd5 Ke7 30. Kf2 Kd6 31. Ke3 Kc5 32. Rh4 h6 33. Rh5 Rxd5
34. Kf4 g5+ 35. Ke3 Rd3+ 36. Ke2 Rd6 37. f4 Re6+ 38. Kf2 Rg6 39. fxg5 hxg5 40.
h4 gxh4 41. Rxf5+ Kc6 42. gxh4 Rh6 43. Kg3 a5 44. a4 b4 45. Rxa5 c3 46. bxc3
bxc3 47. Rf5 Rh8 48. Rf3 Rg8+ 49. Kh3 Kc5 50. Rxc3+ Kb4 51. Rg3 Rh8 52. Rg4+
Ka5 53. Rf4 Rh7 54. Kg4 Rg7+ 55. Kh5 Rg1 56. Kh6 Rg2 57. h5 Rg1 58. Kh7 Rg2 59.
h6 Rg1 60. Kh8 Rg2 61. h7 Rg1 62. Rf7 Kxa4 63. Rg7 Rb1 64. Kg8 Rb8+ 65. Kf7
Rb7+ 66. Kf6 Rb6+ 67. Ke5 Rb5+ 68. Kd4 Rh5 69. Ke4 Kb5 70. Kf4 Kc5 71. Rg5+ 1-0

[Event "CYCC U14 "]
[Site "Hamilton CAN"]
[Date "2022.07.09"]
[Round "4.25"]
[White "Singh, Udayveer"]
[Black "Sun, Jonathan"]
[Result "1-0"]
[WhiteElo "1018"]
[BlackElo "873"]
[PlyCount "33"]
[EventDate "2022.07.08"]
[EventType "swiss"]
[EventRounds "7"]
[EventCountry "CAN"]

1. d4 d5 2. c4 e6 3. Nc3 Nf6 4. cxd5 exd5 5. Bg5 c6 6. Qc2 Bb4 7. e3 Be6 8. Bd3
Nbd7 9. Nf3 Qa5 10. O-O h6 11. Bh4 O-O-O 12. Bg3 Nh5 13. a3 Be7 14. b4 Qb6 15.
Na4 Nxg3 16. Nxb6+ Nxb6 17. hxg3 1-0

[Event "CYCC U14 "]
[Site "Hamilton CAN"]
[Date "2022.07.10"]
[Round "5.1"]
[White "Lin, Leo"]
[Black "Su, Ethan"]
[Result "1/2-1/2"]
[WhiteElo "2189"]
[BlackElo "1987"]
[PlyCount "119"]
[EventDate "2022.07.08"]
[EventType "swiss"]
[EventRounds "7"]
[EventCountry "CAN"]

1. e4 c5 2. Nc3 Nc6 3. Bb5 Nd4 4. Bc4 e6 5. Nge2 Nf6 6. O-O a6 7. a4 d5 8. exd5
exd5 9. Ba2 Bd6 10. h3 Be6 11. d3 h6 12. Nxd4 cxd4 13. Ne2 Qb6 14. Nf4 O-O 15.
Bb3 Qc5 16. Nxe6 fxe6 17. Bd2 e5 18. Re1 Kh8 19. c3 e4 20. cxd4 Qxd4 21. Bc3
Qxd3 22. Qxd3 exd3 23. Rad1 Bc5 24. Rxd3 Ne4 25. Bd4 Nxf2 26. Rd2 Bb4 27. Bc3
Bxc3 28. bxc3 Ne4 29. Rxd5 Nf6 30. Rd3 Rfe8 31. Rde3 Rxe3 32. Rxe3 Rc8 33. Kf2
b6 34. Be6 Rc6 35. Kf3 g5 36. c4 a5 37. Bd5 Rc5 38. Re6 Nxd5 39. cxd5 Rxd5 40.
Rxh6+ Kg7 41. Rxb6 Rd4 42. Rb5 g4+ 43. Kg3 gxh3 44. Rxa5 Rd3+ 45. Kh2 hxg2 46.
Kxg2 Ra3 47. Kf2 Kf6 48. Ke2 Ke6 49. Kd2 Kd6 50. Kc2 Kc6 51. Kb2 Rh3 52. Rb5
Rg3 53. Rb4 Rh3 54. a5 Rh5 55. Rb6+ Kc7 56. Ra6 Kb7 57. Rb6+ Ka7 58. Rb3 Rxa5
59. Ra3 Rxa3 60. Kxa3 1/2-1/2

[Event "CYCC U14 "]
[Site "Hamilton CAN"]
[Date "2022.07.10"]
[Round "5.2"]
[White "Huang, Richard"]
[Black "Han, Johnathan"]
[Result "1/2-1/2"]
[WhiteElo "1953"]
[BlackElo "2232"]
[PlyCount "97"]
[EventDate "2022.07.08"]
[EventType "swiss"]
[EventRounds "7"]
[EventCountry "CAN"]

1. d4 Nf6 2. Nf3 g6 3. g3 Bg7 4. Bg2 O-O 5. O-O d6 6. c4 Nc6 7. Nc3 a6 8. e4
Bg4 9. h3 Bxf3 10. Bxf3 e5 11. d5 Nd4 12. Bg2 c5 13. dxc6 bxc6 14. Be3 c5 15.
Qd2 Rb8 16. Bg5 Qd7 17. Bxf6 Bxf6 18. Kh2 Bg7 19. b3 Kh8 20. f4 exf4 21. gxf4
f5 22. Rae1 Rbe8 23. Nd5 fxe4 24. Rxe4 Rxe4 25. Bxe4 Re8 26. Qd3 Qd8 27. Bf3
Rf8 28. Bg4 Qa5 29. Nc3 Re8 30. Qd2 Rf8 31. Ne4 Qxd2+ 32. Nxd2 h5 33. Bd1 Bh6
34. Kg3 Re8 35. Rf2 Re3+ 36. Kg2 Nf5 37. Bc2 Nh4+ 38. Kh2 Kg7 39. Nf1 Rc3 40.
Bb1 Nf3+ 41. Kg2 Nh4+ 42. Kh2 a5 43. Be4 Kf6 44. Ng3 Re3 45. Bd5 Nf5 46. Ne4+
Ke7 47. Ng5 Kf6 48. Ne4+ Ke7 49. Ng5 1/2-1/2

[Event "CYCC U14 "]
[Site "Hamilton CAN"]
[Date "2022.07.10"]
[Round "5.3"]
[White "Locham, Divjot"]
[Black "Yang, Jingyun (Ryan)"]
[Result "0-1"]
[WhiteElo "1751"]
[BlackElo "2141"]
[PlyCount "142"]
[EventDate "2022.07.08"]
[EventType "swiss"]
[EventRounds "7"]
[EventCountry "CAN"]

1. e4 c5 2. Nf3 d6 3. Bb5+ Bd7 4. Bxd7+ Nxd7 5. O-O Ngf6 6. Re1 e6 7. c3 Be7 8.
d4 cxd4 9. cxd4 d5 10. e5 Ne4 11. Nbd2 Nxd2 12. Bxd2 O-O 13. Qe2 Qb6 14. Be3
Rac8 15. Rec1 Nb8 16. Rxc8 Rxc8 17. h3 Rc6 18. Rc1 Rxc1+ 19. Bxc1 Nc6 20. Be3
Qa5 21. a3 Qb6 22. b4 a6 23. Qd3 h6 24. Nd2 Na7 25. Nb3 Nb5 26. Nc5 Bxc5 27.
bxc5 Qa5 28. Qd1 Qxa3 29. Qg4 Qd3 30. Bxh6 Qb1+ 31. Kh2 Qg6 32. Qxg6 fxg6 33.
Be3 a5 34. Kg1 a4 35. Kf1 a3 36. Bc1 Kf7 37. f4 Ke8 38. g4 Kd7 39. Kf2 Nxd4 40.
Bxa3 Kc6 41. Bb4 Kb5 42. Ba3 Nc2 43. f5 gxf5 44. gxf5 exf5 45. e6 Kc6 46. e7
Kd7 47. c6+ bxc6 48. Bc5 Na1 49. Kf3 Nb3 50. Bd6 d4 51. Ke2 Na5 52. Kd3 Nb7 53.
Be5 g6 54. Bf6 c5 55. Kc4 Nd6+ 56. Kxc5 Ne4+ 57. Kxd4 Nxf6 58. Ke5 Kxe7 59. h4
Nh5 60. Kd4 Kd6 61. Ke3 Ke5 62. Kf3 f4 63. Ke2 Ke4 64. Kf2 f3 65. Kf1 Ke3 66.
Ke1 f2+ 67. Kf1 Ng3+ 68. Kg2 f1=Q+ 69. Kxg3 Qg1+ 70. Kh3 Kf3 71. h5 Qh1# 0-1

[Event "CYCC U14 "]
[Site "Hamilton CAN"]
[Date "2022.07.10"]
[Round "5.4"]
[White "Kot, Emanuel"]
[Black "Zhang, Brian"]
[Result "1-0"]
[WhiteElo "1994"]
[BlackElo "1842"]
[PlyCount "99"]
[EventDate "2022.07.08"]
[EventType "swiss"]
[EventRounds "7"]
[EventCountry "CAN"]

1. e4 c5 2. Nf3 d6 3. d4 cxd4 4. Nxd4 Nf6 5. Nc3 a6 6. h4 e5 7. Nb3 Be6 8. f4
exf4 9. Bxf4 Nc6 10. Qd2 d5 11. O-O-O Nxe4 12. Nxe4 dxe4 13. Qe3 Qf6 14. Qxe4
Be7 15. Bd3 Qg6 16. Qe3 Qg4 17. Be2 Qg6 18. h5 Qf6 19. g4 h6 20. Rhf1 O-O 21.
Kb1 Rad8 22. Rxd8 Bxd8 23. g5 hxg5 24. Bd6 Bf5 25. Bxf8 Kxf8 26. Qc5+ Ne7 27.
Bd3 g6 28. hxg6 fxg6 29. Qd4 Qxd4 30. Nxd4 Kg7 31. Bxf5 gxf5 32. Ne6+ Kf6 33.
Nxd8 b6 34. c4 g4 35. b4 Kg5 36. Ne6+ Kh4 37. Nd4 Kg5 38. c5 bxc5 39. bxc5 g3
40. c6 Kg4 41. c7 f4 42. Nc6 Nc8 43. Ne5+ Kg5 44. Nd3 g2 45. Rg1 f3 46. Ne1 Kf4
47. Nxg2+ Kg3 48. Ne1+ Kf2 49. Nxf3 Kxf3 50. Rg8 1-0

[Event "CYCC U14 "]
[Site "Hamilton CAN"]
[Date "2022.07.10"]
[Round "5.5"]
[White "Shi, Michael"]
[Black "Joseph, Jonath"]
[Result "1/2-1/2"]
[WhiteElo "1970"]
[BlackElo "1782"]
[PlyCount "52"]
[EventDate "2022.07.08"]
[EventType "swiss"]
[EventRounds "7"]
[EventCountry "CAN"]

1. e4 e5 2. Nf3 Nc6 3. Bc4 Bc5 4. c3 Nf6 5. d4 exd4 6. cxd4 Bb4+ 7. Bd2 Bxd2+
8. Nbxd2 d5 9. exd5 Nxd5 10. O-O O-O 11. Rc1 Nb6 12. Ne4 Nxc4 13. Rxc4 Be6 14.
Rc3 Bd5 15. Re1 Re8 16. Rce3 Bxe4 17. Rxe4 Rxe4 18. Rxe4 Qd5 19. Qe2 h6 20. b3
a5 21. Re8+ Rxe8 22. Qxe8+ Kh7 23. h3 Nb4 24. Ne5 Qxd4 25. Nxf7 Nxa2 26. Ng5+
hxg5 1/2-1/2

[Event "CYCC U14 "]
[Site "Hamilton CAN"]
[Date "2022.07.10"]
[Round "5.6"]
[White "Leong, Aiden"]
[Black "Yuen, Noah Nathaniel"]
[Result "1/2-1/2"]
[WhiteElo "1775"]
[BlackElo "1954"]
[PlyCount "75"]
[EventDate "2022.07.08"]
[EventType "swiss"]
[EventRounds "7"]
[EventCountry "CAN"]

1. e4 c5 2. Nf3 Nc6 3. d4 cxd4 4. Nxd4 g6 5. c4 Bg7 6. Be3 Nf6 7. f3 O-O 8. Nc3
d6 9. Qd2 Bd7 10. Be2 Rc8 11. O-O a6 12. Rfc1 Ne5 13. b3 e6 14. h3 Qc7 15. a4
Bc6 16. Rd1 Rfd8 17. a5 Be8 18. f4 Ned7 19. b4 e5 20. Nf3 exf4 21. Bxf4 Ne5 22.
Bxe5 dxe5 23. Qg5 h6 24. Qe3 Qe7 25. c5 Bc6 26. Bc4 Rd4 27. Nxd4 exd4 28. Rxd4
Nxe4 29. Bd5 Nxc3 30. Qxe7 Bxd4+ 31. Kh1 Nxd5 32. Qe1 Bxa1 33. Qxa1 Re8 34. Kh2
Nxb4 35. Qf6 Re2 36. h4 Rxg2+ 37. Kh3 h5 38. Qg7+ 1/2-1/2

[Event "CYCC U14 "]
[Site "Hamilton CAN"]
[Date "2022.07.10"]
[Round "5.7"]
[White "Yang, Lefan"]
[Black "Wang, Derek"]
[Result "1/2-1/2"]
[WhiteElo "1738"]
[BlackElo "1934"]
[PlyCount "103"]
[EventDate "2022.07.08"]
[EventType "swiss"]
[EventRounds "7"]
[EventCountry "CAN"]

1. d4 d5 2. e3 Nf6 3. Bd3 e6 4. f4 c5 5. c3 Nbd7 6. Nf3 b6 7. Nbd2 Bb7 8. O-O
Be7 9. Ne5 O-O 10. Qf3 Ne8 11. Qh3 f5 12. g4 Nd6 13. Nxd7 Qxd7 14. Rf2 Ne4 15.
Rg2 Nxd2 16. Bxd2 g6 17. Be1 Bc6 18. Bh4 Rae8 19. Bxe7 Rxe7 20. g5 Bb5 21. Bxb5
Qxb5 22. Qf3 Qd3 23. Rd1 Qc4 24. a3 Kf7 25. Qe2 Qxe2 26. Rxe2 Rc8 27. a4 Rb7
28. Ra1 Ke7 29. Kf2 Kd6 30. Ke1 Rh8 31. Kd2 h6 32. h4 hxg5 33. hxg5 Rh4 34. b4
Rc7 35. bxc5+ bxc5 36. Kd3 Rb7 37. Kc2 cxd4 38. cxd4 Rhh7 39. Kd3 Rhc7 40. Ra3
Rb1 41. Rc2 Rd1+ 42. Ke2 Rxc2+ 43. Kxd1 Rc4 44. Kd2 Rb4 45. Kc3 Rc4+ 46. Kd3
Rc6 47. Rc3 Ra6 48. Ra3 Kc6 49. Kc3 Rb6 50. Rb3 Rxb3+ 51. Kxb3 a5 52. Kc3
1/2-1/2

[Event "CYCC U14 "]
[Site "Hamilton CAN"]
[Date "2022.07.10"]
[Round "5.8"]
[White "Wang, Andy"]
[Black "Lu, Tony"]
[Result "0-1"]
[WhiteElo "1806"]
[BlackElo "1773"]
[PlyCount "84"]
[EventDate "2022.07.08"]
[EventType "swiss"]
[EventRounds "7"]
[EventCountry "CAN"]

1. e4 e6 2. d4 d5 3. Nc3 Bb4 4. e5 c5 5. a3 Bxc3+ 6. bxc3 Qc7 7. Nf3 Ne7 8.
Bb5+ Bd7 9. Bxd7+ Nxd7 10. O-O Rc8 11. Ra2 Nb6 12. Nd2 Nc6 13. Nb3 Nc4 14. f4
cxd4 15. cxd4 b6 16. f5 Ne7 17. fxe6 fxe6 18. Qh5+ Kd7 19. Rf7 Rcf8 20. Bg5
Rxf7 21. Qxf7 Qd8 22. Qxg7 Rg8 23. Qxe7+ Qxe7 24. Bxe7 Kxe7 25. Kf2 Rf8+ 26.
Ke2 h5 27. c3 Kf7 28. Nd2 Nxd2 29. Rxd2 b5 30. Ke3 Ke7 31. Rf2 Rc8 32. Kd3 a5
33. Rf6 Rc4 34. Rh6 Ra4 35. Rxh5 Rxa3 36. Rh7+ Kf8 37. g4 b4 38. Rc7 b3 39. Rb7
a4 40. h4 Ra1 41. Rb4 Rd1+ 42. Ke2 a3 0-1

[Event "CYCC U14 "]
[Site "Hamilton CAN"]
[Date "2022.07.10"]
[Round "5.10"]
[White "Guliyev, Nadir"]
[Black "Chen, Ricky"]
[Result "1-0"]
[WhiteElo "1279"]
[BlackElo "1709"]
[PlyCount "31"]
[EventDate "2022.07.08"]
[EventType "swiss"]
[EventRounds "7"]
[EventCountry "CAN"]

1. d4 g6 2. c4 Bg7 3. g3 c5 4. e3 cxd4 5. exd4 d5 6. Bg2 dxc4 7. Ne2 Nf6 8. Na3
Nc6 9. Nxc4 Be6 10. Ne3 O-O 11. O-O Qd7 12. d5 Rfd8 13. dxc6 Qc8 14. cxb7 Rxd1
15. bxc8=Q+ Rxc8 16. Rxd1 1-0

[Event "CYCC U14 "]
[Site "Hamilton CAN"]
[Date "2022.07.10"]
[Round "5.11"]
[White "Wang, Nathan"]
[Black "Holmgren, Emilian"]
[Result "1-0"]
[WhiteElo "1566"]
[BlackElo "1226"]
[PlyCount "111"]
[EventDate "2022.07.08"]
[EventType "swiss"]
[EventRounds "7"]
[EventCountry "CAN"]

1. e4 e5 2. Nf3 Nc6 3. Bb5 Nf6 4. O-O d6 5. h3 Be7 6. Nc3 O-O 7. d4 exd4 8.
Nxd4 Nxd4 9. Qxd4 c6 10. Bc4 b5 11. Be2 c5 12. Qd3 b4 13. Nd5 Nxd5 14. Qxd5 Be6
15. Qh5 Bf6 16. Rd1 Qe7 17. Bf4 Rad8 18. e5 dxe5 19. Bxe5 Bxe5 20. Qxe5 Rc8 21.
Bc4 Rc7 22. Bxe6 fxe6 23. Rd6 Rf6 24. Re1 Kf7 25. f3 g6 26. b3 h6 27. Kh2 Qe8
28. Rxe6 Rxe6 29. Qxc7+ Qe7 30. Qf4+ Kg7 31. Rxe6 Qxe6 32. Qc7+ Kf6 33. Qxc5
Qe5+ 34. Qxe5+ Kxe5 35. Kg3 Kd4 36. Kf4 Kc3 37. Ke5 Kxc2 38. Kf6 g5 39. h4 gxh4
40. Kg7 Kd3 41. Kxh6 Ke3 42. Kg5 h3 43. gxh3 Kxf3 44. h4 Ke3 45. h5 Kd3 46. h6
Kc2 47. h7 Kb2 48. h8=Q+ Kxa2 49. Qh3 a5 50. Kf4 Ka3 51. Ke4 a4 52. bxa4+ Kxa4
53. Kd4 b3 54. Kc4 b2 55. Qb3+ Ka5 56. Qb5# 1-0

[Event "CYCC U14 "]
[Site "Hamilton CAN"]
[Date "2022.07.10"]
[Round "5.12"]
[White "Puri, Dylan"]
[Black "Hossain, Azher"]
[Result "1/2-1/2"]
[WhiteElo "1087"]
[BlackElo "1424"]
[PlyCount "89"]
[EventDate "2022.07.08"]
[EventType "swiss"]
[EventRounds "7"]
[EventCountry "CAN"]

1. e4 c6 2. d4 d5 3. e5 Bf5 4. h4 h5 5. Bd3 Bxd3 6. Qxd3 e6 7. Bg5 Qb6 8. Nd2
c5 9. Ne2 Nc6 10. c3 Rc8 11. O-O Nh6 12. a3 cxd4 13. cxd4 Nf5 14. Nf3 Be7 15.
Bxe7 Ncxe7 16. b4 O-O 17. Nf4 g6 18. Rac1 Rxc1 19. Rxc1 Rc8 20. Rxc8+ Nxc8 21.
Qc3 Qc6 22. Qxc6 bxc6 23. Nd3 Nb6 24. Nb2 Na8 25. Kf1 Nc7 26. a4 Kf8 27. Nd3
Na8 28. Ke2 Nb6 29. Nb2 Ke7 30. g3 Nh6 31. a5 Na8 32. Na4 Nc7 33. Nc3 Nb5 34.
Nxb5 cxb5 35. Nd2 Kd7 36. Nf1 Nf5 37. Kd3 Kc6 38. Ne3 Ne7 39. f3 Ng8 40. g4 f6
41. gxh5 gxh5 42. Nf1 fxe5 43. dxe5 Ne7 44. Ng3 Ng6 45. Nxh5 1/2-1/2

[Event "CYCC U14 "]
[Site "Hamilton CAN"]
[Date "2022.07.10"]
[Round "5.14"]
[White "Xu, Joey"]
[Black "Zhang, James"]
[Result "1-0"]
[WhiteElo "1207"]
[BlackElo "1362"]
[PlyCount "87"]
[EventDate "2022.07.08"]
[EventType "swiss"]
[EventRounds "7"]
[EventCountry "CAN"]

1. e4 c5 2. Nc3 g6 3. d4 Bg7 4. Nf3 cxd4 5. Nxd4 d6 6. Be3 Nf6 7. f3 O-O 8. Qd2
Nc6 9. O-O-O d5 10. Bd3 e5 11. Nxc6 bxc6 12. exd5 cxd5 13. Bh6 d4 14. Ne4 Nxe4
15. Bxe4 Rb8 16. Bxg7 Kxg7 17. Rde1 Qb6 18. b3 a5 19. Bd5 f6 20. Bc4 a4 21. Qe2
axb3 22. cxb3 Be6 23. Bxe6 Qxe6 24. Kb2 Ra8 25. Rc1 Qd6 26. Kb1 Rfc8 27. Rhd1
Qe6 28. Qe4 Qa6 29. Rc2 Rxc2 30. Qxc2 Rc8 31. Qd3 Qa5 32. Qd2 Qc5 33. Rc1 Qf8
34. Kb2 Rxc1 35. Qxc1 Qb4 36. a3 Qb5 37. Qc4 Qb7 38. Kc2 Kh6 39. a4 f5 40. Qd3
Qc7+ 41. Qc4 Qd6 42. Kd3 Kg5 43. b4 Kf4 44. Qc1# 1-0